000 00911nam a2200241 a 4500
001 83875
003 BD-RjUL
005 20240603095659.0
008 240603s2011 bg a|||| m||| 00| 0 eng d
035 _a(BD-RjUL)83875
040 _aBD-RjUL
_beng
_cBD-RjUL
_dBD-RjUL
041 _aeng
082 _223
_a616.095492
_bPAA 2011
100 _aPaul, Jillur Rahman
_913281
245 1 0 _aAdis Coverage in Mass Media :
_bA Study on Selected Newspapers of Bangladesh /
_cBy Jillur Rahman Paul ;
_6Supervisor : Md. Khademul Islam
260 _aRajshahi :
_bInstitute of Bangladesh Studies, University of Rajshahi,
_c2011
300 _axx, 209 Leaves :
_bill, ;
_c29 cm.
502 _aThesis (Ph. D.) -- Institute of Bangladesh Studies, University of Rajshahi, 2011
504 _aBibliography : Leaves 195-209
650 _aDiseases
_zBangladesh
700 _aIslam, Md. Khademul, Supervisor
_913282
942 _2ddc
_cTHE
999 _c83875
_d83875